000 00243nam a22001217a 4500
008 171220b xxu||||| |||| 00| 0 eng d
041 _aeng
080 _a611
100 _a7
101 _aANA
245 _aPATHOLOGY
_cUSMLE
942 _2udc
_cBK
999 _c39193
_d39193